00193nam a22000857a 4500020001800000100001700018245002200035260003900057300001100096 a9780756677046 aHannah Dolan aDefend The Castle aNew YorkbDorling Kindersleyc2011 a32 pgs